Liedtext Dragonball Z - Angel - Statistiken

Allgemein
  • Dieses Quiz wurde 16 mal gespielt
  • Das Durchschnittsergebnis liegt bei 179 aus 277
Antwortstatistiken
Antwort % Korrekt
Angel
89%
das
78%
der
78%
Der
78%
du
78%
Du
78%
hast
78%
alle
67%
am
67%
auch
67%
Bist
67%
bist
67%
brauchen
67%
Damals
67%
dein
67%
dem
67%
den
67%
die
67%
dir
67%
im
67%
doch
67%
durch
67%
ein
67%
Ende
67%
endlich
67%
Engel,
67%
Engelsflügeln
67%
entstehen
67%
Er
67%
es
67%
fliegen
67%
Flug
67%
Flügel
67%
frei
67%
frei,
67%
gehen
67%
Geht
67%
Gib
67%
gut?
67%
gut
67%
heute
67%
hoch
67%
ich
67%
im
67%
in
67%
ist
67%
jede
67%
jeden
67%
kann
67%
langer
67%
längst
67%
Liegt
67%
mir
67%
mit
67%
mit,
67%
müssen
67%
Mut?
67%
Noch
67%
noch
67%
Sturm
67%
Tief
67%
tief
67%
und
67%
Und
67%
unendlich
67%
uns
67%
unser
67%
unten
67%
Vergangenheit
67%
Vergraben
67%
verstehen
67%
vor
67%
vorbei
67%
war
67%
waren
67%
Weg
67%
wer
67%
werd
67%
werde
67%
werden
67%
wie
67%
Wie
67%
Wir
67%
wir
67%
wird
67%
Wüste
67%
Zeichen
67%
Zeit
67%
Anfang
56%
auf
56%
auf,
56%
begleiten
56%
dass
56%
deine
56%
dunkel
56%
Erinnerung
56%
erreicht
56%
fühlst
56%
führt
56%
gemeinsam
56%
genau
56%
genau,
56%
genug
56%
Himmelsrichtung
56%
Horizont
56%
kannst
56%
Komm
56%
nicht
56%
Nur
56%
Paradies
56%
passiert
56%
schaffst
56%
siegen
56%
so
56%
steh´n
56%
tanzt
56%
über
56%
unser´n
56%
was
56%
weißt
56%
wieder
56%
wohin
56%
Zauber
56%
zeigt
56%
ab
44%
ab,
44%
Heb
44%
such
44%
Traum
44%
verfolgen
44%
immer
33%
Regenbogen
33%
leisen
22%
schwebten
22%
Keine übereinstimmenden Quizze gefunden
Verteilung der Resultate
Anzahl Personen mit jedem Resultat
Perzentil nach korrekt beantworteten Fragen
Ihre Resultats-Entwicklung
Sie haben dieses Quiz noch nicht gespielt